Pharmacogenetics in advanced Parkinson's disease
Parkinson's disease (PD) is a progressive neurodegenerative disorder with a wide variety of symptoms and evolution. In addition, the response to antiparkinsonian medication is not predictable, especially for those patients with advanced PD. Pharmacogenetics and pharmacogenomics may help to deci...
Elmentve itt :
| Szerzők: | |
|---|---|
| Dokumentumtípus: | Cikk |
| Megjelent: |
2025
|
| Sorozat: | JOURNAL OF NEURAL TRANSMISSION-GENERAL SECTION
132 No. 11 |
| Tárgyszavak: | |
| doi: | 10.1007/s00702-025-03057-0 |
| mtmt: | 36435422 |
| Online Access: | http://publicatio.bibl.u-szeged.hu/38538 |
| LEADER | 01693nab a2200337 i 4500 | ||
|---|---|---|---|
| 001 | publ38538 | ||
| 005 | 20251216152154.0 | ||
| 008 | 251216s2025 hu o 000 eng d | ||
| 022 | |a 0300-9564 | ||
| 024 | 7 | |a 10.1007/s00702-025-03057-0 |2 doi | |
| 024 | 7 | |a 36435422 |2 mtmt | |
| 040 | |a SZTE Publicatio Repozitórium |b hun | ||
| 041 | |a eng | ||
| 100 | 1 | |a Kulisevsky Jaime | |
| 245 | 1 | 0 | |a Pharmacogenetics in advanced Parkinson's disease |h [elektronikus dokumentum] / |c Kulisevsky Jaime |
| 260 | |c 2025 | ||
| 300 | |a 1719-1726 | ||
| 490 | 0 | |a JOURNAL OF NEURAL TRANSMISSION-GENERAL SECTION |v 132 No. 11 | |
| 520 | 3 | |a Parkinson's disease (PD) is a progressive neurodegenerative disorder with a wide variety of symptoms and evolution. In addition, the response to antiparkinsonian medication is not predictable, especially for those patients with advanced PD. Pharmacogenetics and pharmacogenomics may help to decide the best available treatment based on the genetic background of the patients. This approach has been already used in Oncology leading to personalized pharmacology. In this article, we review and comment the updated information regarding pharmacogenetics and pharmacogenomics applied to PD. | |
| 650 | 4 | |a Klinikai orvostan | |
| 700 | 0 | 2 | |a García-Ruíz Pedro |e aut |
| 700 | 0 | 2 | |a Outeiro Tiago Fleming |e aut |
| 700 | 0 | 2 | |a Gurevich Tanya |e aut |
| 700 | 0 | 2 | |a Klivényi Péter |e aut |
| 700 | 0 | 2 | |a Van Laar Teus |e aut |
| 700 | 0 | 2 | |a Milanov Ivan |e aut |
| 700 | 0 | 2 | |a Pirker Walter |e aut |
| 700 | 0 | 2 | |a Popescu Bogdan O |e aut |
| 700 | 0 | 2 | |a Toft Mathias |e aut |
| 700 | 0 | 2 | |a Szász József Attila |e aut |
| 856 | 4 | 0 | |u http://publicatio.bibl.u-szeged.hu/38538/1/s00702-025-03057-0.pdf |z Dokumentum-elérés |